[PAROLES] Néons rouges-Luidji - Statistiques

Statistiques générales
  • Ce quiz a été pris 494 fois
  • Le résultat moyen est 274 sur 349
Statistiques - réponses
Réponse % Correct
a
98%
À
98%
à
98%
ne
96%
Ne
96%
On
96%
on
96%
est
94%
néons
94%
fait
93%
le
93%
rouges
93%
sous
93%
tout
93%
de
92%
De
92%
en
92%
En
92%
se
92%
baiser,
91%
Ce
91%
Discuter,
91%
rire
91%
Par
90%
par
90%
pas
90%
au
89%
tes
89%
Dormir,
88%
dormir,
88%
dormir
88%
la
88%
Paris
88%
tellement
88%
aujourd'hui
87%
joli
87%
lit
87%
reste
87%
sera
87%
du
86%
Du
86%
ma
86%
pour
86%
dommage
85%
Louvre?
85%
l'ouvre
85%
encore
84%
musée
84%
qu'on
84%
serait
84%
Et
83%
et
83%
Il
83%
il
83%
Pourquoi
83%
qui
83%
tu
83%
Des
81%
des
81%
d'être
79%
train
79%
celui
77%
chatte
77%
dans
77%
j'en
77%
Mais
77%
mais
77%
ai
76%
Kim
76%
qu'il
76%
con
75%
j'ai
75%
J'ai
75%
ou
75%
où?
75%
75%
Secret
75%
belle
74%
chaque
74%
fois
74%
foutre
74%
rien
74%
toi
74%
bien
73%
les
73%
lui
73%
places
73%
que
73%
s'te
73%
Beyoncé
72%
Jay-Z
72%
plait
72%
contre
71%
j'veux
71%
Jenner
70%
mariage
70%
putains
70%
qu'tu
70%
restes
70%
rêve
70%
seul
70%
sur
70%
devenir
69%
Kylie
69%
l'ouvres
69%
même
69%
Moi
69%
photos
69%
princier
69%
chansons
68%
ressembler?
68%
tournée
68%
accrochée
67%
belles
67%
gosse
67%
l'impression
67%
NRJ12
66%
va
66%
quoi?
65%
revenir
64%
soulever
64%
dernières
63%
heure
63%
Laisse,
63%
l'garçon?
63%
l'héritage
63%
s'fait
63%
fashion
62%
week
62%
entrain
61%
Johnny
60%
télé-crochets
60%
vie
59%
plus
58%
enceinte
56%
t'essayes
56%
forces
55%
J'suis
55%
Pendant
54%
Demain
52%
s'écouter
52%
Comme
51%
doué
51%
mène
51%
voir
51%
C'est
50%
comprends
50%
m'appeler
50%
bonheur
49%
son
49%
l'fond
47%
noir,
47%
d'arrêter
46%
étouffé
45%
trouve
45%
dit
44%
l'son
44%
Plongé
44%
couplets
43%
pouvais
42%
Eh
41%
Allô?
40%
J'te
40%
n'écrivait
39%
Wesh,
37%
remords
36%
Rongé
33%
secrets
32%
Stroy
6%
Celuquii
2%
Aucun quiz correspondant
Distribution des résultats
% des personnes avec chaque résultat
Percentile par nombre de réponses
Votre historique - résultats
Vous n’avez pas pris ce quiz